000 00499nam a2200169 4500
001 132786
003 ES-MaACL
005 20230906194242.0
007 t|
008 070214s1969 sp r ||||1| spa d
100 1 _aRosenberg, Stuart E.
_999730
245 1 3 _aEl judaísmo /
_cStuart E. Rosenberg ; versión de José Antonio Colinas.
260 _aBilbao :
_bMensajero,
_c1969.
300 _a199 p. ;
_c19 cm.
700 1 _aColinas, José Antonio.
_939603
852 _aES-MaACL
_jC-35897
_bR.69408
999 _c132786
_d132786